书目信息 |
| 题名: |
喀什
|
|
| 作者: | 吴涛 , 爱群 编著 | |
| 分册: | ||
| 出版信息: | 北京 旅游教育出版社 2001.11 |
|
| 页数: | 103页 | |
| 开本: | 19cm | |
| 丛书名: | 中国历史文化名城丛书 | |
| 单 册: | ||
| 中图分类: | K924.53 | |
| 科图分类: | ||
| 主题词: | ||
| 电子资源: | ||
| ISBN: | 7-5637-0972-X | |
| 000 | 00933nam 2200265 450 | |
| 001 | 012007714794 | |
| 005 | 20070924151651.43 | |
| 010 | @a7-5637-0972-X@dCNY7.90 | |
| 100 | @a20070816d2001 km y0chiy0120 ea | |
| 101 | 0 | @achi |
| 102 | @aCN@b110000 | |
| 105 | @aach a 000yy | |
| 200 | 1 | @a喀什@Aka shen@f吴涛, 爱群编著@Fwu tao,ai qun bian zhu |
| 210 | @a北京@c旅游教育出版社@d2001.11 | |
| 215 | @a103页@c图, 肖像, 摹真@d19cm | |
| 225 | 2 | @a中国历史文化名城丛书@Azhong guo li shi wen hua ming cheng cong shu |
| 320 | @a有书目 (第100-102页)。 | |
| 330 | @a本书介绍了新疆历史名城喀什市的政治、经济、文化、交通、宗教、历史名人以及重大事件等概况。喀什是中国最西部的一座历史文化名城。 | |
| 410 | 0 | @12001 @a中国历史文化名城丛书 |
| 607 | @a喀什市@Aka shen shi@x概况@y新疆维吾尔自治区 | |
| 690 | @aK924.53@v4 | |
| 701 | 0 | @a吴涛@Awu tao@4编著 |
| 701 | 0 | @a爱群@Aai qun@4编著 |
| 801 | 0 | @aCN@c20070924 |
| 905 | @dK924.53@eW876 | |
| 喀什/吴涛, 爱群编著.-北京:旅游教育出版社,2001.11 |
| 103页:图, 肖像, 摹真;19cm.-(中国历史文化名城丛书) |
| ISBN 7-5637-0972-X:CNY7.90 |
| 本书介绍了新疆历史名城喀什市的政治、经济、文化、交通、宗教、历史名人以及重大事件等概况。喀什是中国最西部的一座历史文化名城。 |
| ● |
| 相关链接 |
|
|
|
正题名:喀什
索取号:K924.53/W876
 
预约/预借
| 序号 | 登录号 | 条形码 | 馆藏地/架位号 | 状态 | 备注 |
| 1 | 259091 | 202590918 | 社科库309/309社科库 14排2列1层/ [索取号:K924.53/W876] | 在馆 | |
| 2 | 259092 | 202590927 | 社科库309/309社科库 14排2列1层/ [索取号:K924.53/W876] | 在馆 | |
| 3 | 259093 | 202590936 | 社科库309/309社科库 14排2列1层/ [索取号:K924.53/W876] | 在馆 |